| 000 | 00824nam a22001577a 4500 | ||
|---|---|---|---|
| 003 | OSt | ||
| 005 | 20151006154802.0 | ||
| 008 | 151006b xxu||||| |||| 00| 0 eng d | ||
| 040 | _cRUA | ||
| 082 | _aAVM TRY 2006 B076 Or.1 | ||
| 100 |
_92199 _aTRY, KIMSON. |
||
| 245 | _aUtilization of dry sweet potato vine in concentrate on growth of quail at animal experimental station of royal university of agriculture, ការប្រើប្រាស់ទងដំឡូងជ្វាស្ងួតក្នុងចំណីផ្សំលើការលូតលាស់ក្រូចនភស្ថានីយ៍ពិសោធន៍សត្វនៃសាកលវិទ្យាល័យភូមិន្ទកសិកម្ម | ||
| 260 |
_aPhnom Penh _bRUA _c2006 |
||
| 300 |
_a38p. _bill. _c29cm. |
||
| 942 |
_2ddc _cAVM |
||
| 999 |
_c2071 _d2071 |
||